Online
Catalog

Informe sobre costo de producción de RUBROS fomentados por el PROAGRO. (Record no. 36939)

MARC details
000 -CABECERA
campo de control de longitud fija 00558nam a2200157 a 4500
001 - NÚMERO DE CONTROL
campo de control 000037449
005 - FECHA Y HORA DE LA ÚLTIMA TRANSACCIÓN
campo de control 20200930080357.0
008 - DATOS DE LONGITUD FIJA--INFORMACIÓN GENERAL
campo de control de longitud fija 120418s1997 dr 000 0 spa d
040 ## - FUENTE DE LA CATALOGACIÓN
Centro catalogador/agencia de origen DO-SdBNP
Lengua de catalogación spa
Centro/agencia transcriptor BNPHU
245 00 - MENCIÓN DE TÍTULO
Título Informe sobre costo de producción de RUBROS fomentados por el PROAGRO.
246 14 - FORMA VARIANTE DE TÍTULO
Título propio/Titulo breve Costo de producción de RUBROS fomentados por el PROAGRO.
260 ## - PUBLICACIÓN, DISTRIBUCIÓN, ETC.
Lugar de publicación, distribución, etc. Santo Domingo :
Nombre del editor, distribuidor, etc. Junta Agroempresarial Dominicana, (JAD),
Fecha de publicación, distribución, etc. 1997.
300 ## - DESCRIPCIÓN FÍSICA
Extensión 75 p. ;
Dimensiones 29 cm.
490 1# - MENCIÓN DE SERIE
Mención de serie Documentos técnicos
-- 2
830 #0 - PUNTO DE ACCESO ADICIONAL DE SERIE-TÍTULO UNIFORME
Título uniforme Documentos técnicos
-- 2
9 (RLIN) 15124
Holdings
Estado de retiro Estado de pérdida No para préstamo Código de colección Localización permanente Ubicación/localización actual Ubicación en estantería Fecha de adquisición Número de inventario Total de préstamos Signatura topográfica completa Código de barras Fecha visto por última vez Precio válido a partir de Tipo de ítem Koha
    Excluido de préstamo Patrimonio Dominicano General General En catalogación 18.04.2012 LF1   37449-10 25.06.2020 25.06.2020 Libro y Folleto Colección Patrimonio Dominicano
      Patrimonio Dominicano Patrimonio Dominicano Patrimonio Dominicano Orden iniciada 18.04.2012 LF1   37450-10 25.06.2020 25.06.2020 Libro y Folleto Colección Patrimonio Dominicano

Powered by Koha